000 00757nam a22001937a 4500
005 20110624112310.0
020 _a9780195679908
_c650.00
037 _bOxford University Press
100 _aWeiner, Myron
_928757
245 _aBorn unfree:
_cby Myron Weiner, Neera Burra [and] Asha Bajpai
_bchild labour, education, and the state in India: an omnibus comprising /
260 _aNew Delhi
_bOxford University Press
_c2009
270 _aYMCA Library Building, Jai Singh Road
_bNew Delhi
_e110001
300 _aVarious pagings
_c24cm(Hb)
700 _a Weiner, Myron
_928758
700 _a Burra, Neera
_928759
700 _a Bajpai, Asha
_928760
942 _2ddc
_cEN
_mWEI
999 _c53136
_d53136